| 000 | 00645cam a22002411 4500 | ||
|---|---|---|---|
| 001 | ne 63002511 | ||
| 003 | DLC | ||
| 005 | 20260227111753.0 | ||
| 008 | 890609q19601963xx a 000 0 ara | ||
| 010 | _ane 63002511 | ||
| 035 | _a(OCoLC)23515678 | ||
| 040 |
_aDLC _cMiU _dDLC |
||
| 042 | _apremarc | ||
| 043 | _af-ua--- | ||
| 050 | 0 | 0 |
_aSK255.E3 _bM3 |
| 110 | 2 | _aMarkaz Tasjīl al-Āthār al-Miṣrīyah. | |
| 245 | 0 | 3 | _aal-Ṣayd fī Miṣr al-qadīmah. |
| 260 | _c[196-?] | ||
| 300 |
_a1 v. (unpaged) illus. (part col.) _c23 cm. |
||
| 500 | _aRomanized. | ||
| 650 | 0 |
_aHunting _zEgypt _xHistory. |
|
| 650 | 0 |
_aFishing _zEgypt _xHistory. |
|
| 999 |
_c46478 _d46478 |
||